1228 1023 1395 1007 1327 1912 1108 1775 1719 1175 1109 1631 1638 1589 1426 1315 1219 1154 1101 1702 1791 1655 1062 1873 1188 1184 1784 1248 1900 1482 1306 1980 1135 1139 1295 1666 1455 1985 1750 1299 1906 1236 1298 1111 1320 1523 1391 1152 1636 1763 1133 1016 1748 1106 1859 1435 1890 1454 1155 1385 1160 1101 1410 1077 1546 1977 1267 1268 1996 1512 1781 1619 1619 1858 1640 1249 1150 1350 1605 1606 1267 1831 1576 1549 1474 1425 1008 1926 1117 1401 1026 1556 1001 1738 1334 1758 1927 1135 1688 BCNSPRNW ULIB Ver.6.0+V

เปลี่ยนเป็นภาษาไทย

Change to English
 แสดงรายละเอียดบรรณานุกรม
  กลับหน้าหลัก

Brief Record : Get Marc (ISO 2709) : E-mail record : QR code < ปิดหน้าต่าง
LEADER : 00000nam 2200000uu 4500
001    13399113343
003     ULIB
008    110627s2553||||th 000 0 tha d
020    9786165000574
090    นว.^bพ723ร 2553
100 0  พิมพิสุธญ์
245 00 รักให้ลุ้นวุ่นหัวใจ/^cพิมพิสุธญ์
250    พิมพ์ครั้งที่ 1
260    กรุงเทพฯ :^bพิมพ์คำ,^c2553
300    367 หน้า
710 1  พิมพ์คำ
945    ^p230^l0^i028040
995    ทศพร
999 ^a ใช้งานได้ทุกระบบ
รายการนี้ยังไม่มีแท็ก
คุณยังไม่ได้ล็อกอิน คุณสามารถมีกิจกรรมร่วมกับเว็บไซต์ได้ แต่ต้องล็อกอินก่อน ::
  ล็อกอิน

รายการสื่อสารสนเทศ

ลำดับที่ ประเภท เลขเรียก/บาร์โค้ด สถานที่ สถานะ
- ไม่พบข้อมูล -

รายการใกล้เคียง
    ผู้แต่ง [พิมพิสุธญ์]

BibComment


ยังไม่เคยถูกคอมเมนท์

คอมเมนท์ทรัพยากรรายการนี้
  คอมเมนท์: รักให้ลุ้นวุ่นหัว..


 Copyright 2026. Bcnsprnw @Library